| 000 | 00795nam a22001697a 4500 | ||
|---|---|---|---|
| 999 |
_c63379 _d63379 |
||
| 003 | Ge_BSU | ||
| 005 | 20250926164837.0 | ||
| 008 | 250926s1971 ge ||||| |||| 00| 0 geo d | ||
| 041 | _ageo | ||
| 080 | _a631.115.6(479.22) კ-49 | ||
| 100 |
_aკიკნაველიძე, ანდრო _925889 |
||
| 245 |
_aსაკოლმეურნეო წარმოების ამაღლების პრობლემები საქართველოში / _c ანდრო კიკნაველიძე. |
||
| 264 |
_aთბილისი : _bსაბჭ. საქართველო, _c1971. |
||
| 300 |
_a286 გვ. ; _b20 სმ. |
||
| 653 | _aკოლმეურნეობები საქართველოში | ||
| 942 |
_2udc _cᲬᲘᲒᲜᲘ |
||